000
00328nam a22001457a 4500
003
SGT
082
_a
617.96
_b
D16P
100
_a
PAUL, ARUN KUMAR
245
_a
DRUGS AND EQUIPMENT IN ANESTHESIA PRACTICE
260
_a
INDIA
_b
ELSEVIER
_c
2016
300
_a
2016
490
_a
437
650
_a
ANESTHESIA
942
_2
ddc
_c
BK
999
_c
13682
_d
13682